Normal view
MARC view
Entry Personal Name
001 - CONTROL NUMBER
- control field: 88415
003 - CONTROL NUMBER IDENTIFIER
- control field: dpl
005 - DATE AND TIME OF LATEST TRANSACTION
- control field: 20260312152027.0
008 - FIXED-LENGTH DATA ELEMENTS
- fixed length control field: 260312|| aca||aabn | a|a d
040 ## - CATALOGING SOURCE
- Original cataloging agency: dpl
- Transcribing agency: dpl
100 ## - HEADING--PERSONAL NAME
- Personal name: आर्य, सोमवीर
670 ## - SOURCE DATA FOUND
- Source citation: Work cat.: (dpl)215544: पुनिया , सुमन 88414, कुण्डलिनी/, 2025
